000
00276nam a2200109Ia 4500
001
587512
005
20250717113817.0
008
250717s9999 xx 000 0 und d
245
0
_a
X-10 PARASINI YÖNETEN ÇOCUKLAR
_c
ÖZLEM YURT
260
_b
BETA YAYINLARI
_c
2020
300
_b
56
999
_c
587512
_d
587512